000 02412cam a22005054i 4500
003 PE-LiUPU
005 20250731173418.0
008 150706s2009 tnu r 000 0 spa d
020 _a9781602551343
035 _a(Sirsi) i9781602551343
040 _aPE-LiUPU
_bspa
_cPE-LiUPU
_erda
049 _aPRUA
082 0 4 _a232
_bC95a
_221
100 1 _aCury, Augusto,
_eautor.
245 1 3 _aEl Maestro del amor :
_bJesús el mayor ejemplo de sabiduría perseverancia y compasión /
_cAugusto Cury.
264 1 _aNashville, Tennessee :
_bGrupo Nelson,
_c2009.
300 _a183 páginas ;
_c21 centímetros.
336 _atext
_2rdacontent
337 _aunmediated
_2rdamedia
338 _avolume
_2rdacarrier
490 0 _aAnálisis de la inteligencia de Cristo
500 _aTítulo en portugués: O Mestre do amor.
505 0 _aDos tipos de sabiduría -- Un príncipe en el caos: ¿por qué Jesús fue carpintero? -- Una humanidad inigualable -- La conmovedora trayectoria hacia el calvario -- Los preparativos para la crucifixión -- La primera hora: cuidó a su padre y perdonó a hombres imperdonables -- La segunda hora: humillado públicamente -- La tercera hora: cuidó a un criminal y vivió el mayor de los sueños -- Continuación de la tercera hora: cuidó cariñosamente a su madre -- De la cuarta a la sexta hora: desamparado por Dios -- Consumó su plan: el cerebro y el alma -- Murió en la cruz, pero permaneció vivo en el corazón de los seres humanos.
526 _aSEG42
526 _aSEG41
526 _aSEG40
526 _aSEG39
526 _aP94
526 _aP87
526 _aP86
526 _aP85
526 _aP77
526 _aP76
526 _aP35
541 _g001-0000579;
600 1 _aJesucristo
_xPersona y obra.
630 _aBiblia.
_pN.T.
_xEvangelios
_vCrítica e interpretación.
700 1 _aOliveira, María Fernanda,
_etr.
910 _agl
_bjv
_clch
_d20120612
942 _2ddc
_cBOOK
949 _a232 C95A
_wDEWEY
_c1
_i64881
_lCCODEBUL1
_mBUL
_p14.00
_r0
_sY
_tBOOK
_u2015-7-6
_xTEOLOGIA
_PP35
_o.STAFF. Colección General
994 _aC0
_bPEPRU
596 _a1
999 _a232 C95A
_wDEWEY
_c53587
_i64881
_d53587
_e2019-1-30
_f2021-11-9
_g5
_lCCODEBUL1
_mBUL
_n3
_p14.00
_q1
_r0
_sY
_tBOOK
_u2015-7-6
_xTEOLOGIA
_PP35
_0COMPRA
_o.STAFF. Colección Teología
980 _81
_gALBERTO SANCHEZ Responsable de Automatización